01372nam a22002777a 4500003000900000008004100009020001500050040007100065082002000136100004100156245021700197260008400414300003100498505027400529650002300803650001700826650001900843650001300862650001400875650007300889700002900962700002500991700002701016700002701043700002401070AR-CdUCM190227b ||||| |||| 00| 0 spa d a9972778036 aMUNICIPALIDAD PROVINCIAL DEL CUSCOcBIBLIOTECA MUNICIPAL DEL CUSCO a985.612 / bC29 aCarlotto Caillaux, Víctor (Editor) aPlan para la mitigación de desastres del poblado de Machu Picchu-Aguas Calientes : bresumen / cJorge Galdos Bustamante, José Solís Mora, Jesús Arias Valencia, Percy Machicao Olivera, Eliana Mar Pérez. aCusco : bPROFONANPE; b[Imprenta del Centro Bartolomé de las Casas], c2001. a178 páginas ; c23.5 cm. aContenido: Santuario Histórico de Machu Picchu -- Plan para la mitigación de desastres -- El programa de capacitación, educación y comunicación -- El programa de estudios de la cuenca -- Proyectos para la Reducción de Riesgos y Mitigación de Desastres ... aPlan de emergencia aMachu Picchu aCusco - Perú aUrubamba aDesastres aProyectos para la Reducción de Riesgos y Mitigación de Desastres aGaldos Bustamante, Jorge aSolís Mora, José aArias Valencia, José aArias Valencia, Percy aMar Pérez, Eliana